000 00521nam a2200181Ia 4500
003 IN-BaIIA
008 211028s9999 xx 000 0 eng d
020 _a471-73334-2
040 _cIIA Library
080 _a517.544
_bROO
100 _aRoos, Bernard W
_95977
245 0 _aAnalytic functions and distributions in physics and engineering
_cBernard W. Roos
260 _aNew York
_bWiley
_c1969
300 _axiv, 521p.
650 _aAstronomy and Astrophysics Thesaurus
650 _aTheory of Functions
942 _cBK
999 _c3369
_d3369